LEADER 03294nam 2200589 450 001 9910808173103321 005 20180912235154.0 010 $a1-4985-3591-7 035 $a(CKB)3710000000769106 035 $a(EBL)4586199 035 $a(OCoLC)953387314 035 $a(PQKBManifestationID)16514419 035 $a(PQKBWorkID)15040573 035 $a(PQKB)22064270 035 $a(MiAaPQ)EBC4586199 035 $a(iGPub)ROWMANB0015291 035 $a(EXLCZ)993710000000769106 100 $a20160803h20162016 uy 0 101 0 $aeng 135 $aur|n|---||||| 181 $ctxt 182 $cc 183 $acr 200 10$aForensic rhetorics and satellite surveillance $ethe visualization of war crimes and human rights violations /$fMarouf Hasian, Jr 210 1$aLanham, Maryland :$cLexington Books,$d2016. 210 4$dİ2016 215 $a1 online resource (253 p.) 300 $aDescription based upon print version of record. 311 $a1-4985-3590-9 320 $aIncludes bibliographical references and index. 327 $aContents; Acknowledgments; List of Figures; Chapter One: Satellite Imaging, Humanitarian Dreams, and the Twenty-First Century Pursuit of Forensic Truths; Chapter Two: Visualizing Srebrenica, The International Criminal Tribunal for the Former Yugoslavia, and the Growing Acceptance of Satellite Evidence; Chapter Three: Satellite Imagery and the Visual/Virtual Israeli Occupation of the Gaza; Chapter Four: George Clooney, Surveillance of Sudanese Borders, and the Sentinel Project; Chapter Five: The Drone Wars Over Pakistan and the Aerial "Manhunts" for Taliban and Al-Qaeda Enemies 327 $aChapter Six: EUROSUR Surveillance, Mediterranean "Search and Rescue," and the Visualization of Europe's "Migrant Crisis"Chapter Seven: Conclusion: The Constitutive Power of Satellite Surveillance and the Crafting of Securitized and Militarized Dispositifs; Bibliography; Index; About the Author 330 $aForensic Rhetorics, Satellite Surveillance, and the Visualization of War Crimes and Human Rights Violations uses critical forensic perspectives in order to assess the strengths and weaknesses of governmental, NGO, and celebrity usage of satellite surveillance systems. The author contends that while many defenders of this use of satellite imagery often argue that these images speak for themselves, they are in fact contested objects that are contextualized and recontextualized in salient foreign policy controversies. 606 $aSpace surveillance$xHistory 606 $aWar crimes$xHistory 606 $aHuman rights monitoring$xHistory 606 $aHuman rights monitoring$xTechnological innovations 606 $aSpace surveillance$xMoral and ethical aspects 615 0$aSpace surveillance$xHistory. 615 0$aWar crimes$xHistory. 615 0$aHuman rights monitoring$xHistory. 615 0$aHuman rights monitoring$xTechnological innovations. 615 0$aSpace surveillance$xMoral and ethical aspects. 676 $a363.25/938 700 $aHasian$b Marouf Arif$cJr.,$0867031 801 0$bMiAaPQ 801 1$bMiAaPQ 801 2$bMiAaPQ 906 $aBOOK 912 $a9910808173103321 996 $aForensic rhetorics and satellite surveillance$93987536 997 $aUNINA LEADER 02751nam 22005892 450 001 9910817086603321 005 20210708115511.0 010 $a1-64189-102-5 010 $a1-64189-101-7 024 7 $a10.1515/9781641891011 035 $a(CKB)4100000011946084 035 $a(UkCbUP)CR9781641891011 035 $a(DE-B1597)576959 035 $a(DE-B1597)9781641891011 035 $a(MiAaPQ)EBC6631099 035 $a(Au-PeEL)EBL6631099 035 $a(OCoLC)1255226286 035 $a(EXLCZ)994100000011946084 100 $a20210607d2021|||| uy| 0 101 0 $aeng 135 $aur||||||||||| 181 $ctxt$2rdacontent 182 $cc$2rdamedia 183 $acr$2rdacarrier 200 10$aArianism /$fMarilyn Dunn$b[electronic resource] 210 1$aLeeds :$cArc Humanities Press,$d2021. 215 $a1 online resource (115 pages) $cdigital, PDF file(s) 225 1 $aPast imperfect 300 $aTitle from publisher's bibliographic system (viewed on 18 Jun 2021). 311 $a1-64189-100-9 327 $tFrontmatter -- $tContents -- $tMaps -- $tIntroduction: What Was Arianism? -- $tChapter 1. Was Arius an Arian? -- $tChapter 2. Entry-Level Christianity -- $tChapter 3. Barbarian Homoianism after 381 -- $tChapter 4. Barbarian Homoianism in the Fifth and Sixth Centuries -- $tChapter 5. Arianism after Arianism -- $tFurther Reading 330 $aThis book surveys Arianism, a Christian creed of tremendous historical importance that once served as the faith of Roman emperors and the barbarians on the frontiers alike, while it simultaneously advances existing scholarship by integrating the approaches of history and theology with those drawn from the cognitive science of religion. This paradigm shift allows us to understand the initial support for the Arian creed and its eventual rejection by Roman emperors; to recognize the nature of intuitions of divinity amongst Germanic peoples before their conversion; to discern the way in which these were translated into Christian belief; and to differentiate the beliefs of Arius from those called 'Arians' by their opponents. 410 0$aPast imperfect (ARC Humanities Press) 606 $aArianism$xHistory 606 $aChurch history$yPrimitive and early church, ca. 30-600 610 $aArianism. 610 $aArius. 610 $aChristianity. 610 $aChurch History. 610 $aEcclesiastical History. 610 $aHomoianism. 610 $aLate Antiquity. 615 0$aArianism$xHistory. 615 0$aChurch history 676 $a273.4 700 $aDunn$b Marilyn$0602704 801 0$bUkCbUP 801 1$bUkCbUP 906 $aBOOK 912 $a9910817086603321 996 $aArianism$93952454 997 $aUNINA